000 01245nam0a22003011 4500
001 rc\1802785
005 20260407065346.0
035 _a(NLR Aleph) 005284215
090 _a6128052
_c6128052
100 _a20071224d1906 |||y0rusy50 ca
101 0 _arus
102 _aRU
105 _ac z |||a|
200 1 _aКошка и мышка
_eПовесть
_fД.В. Григорович
210 _aСанкт-Петербург
_cН.Г. Мартынов
_d1906
215 _a[6], 71 с., 1 л. портр.
_d21
225 1 _aПовести, рассказы для народного чтения
_fС портр. авт., резанными на дереве худ. В.В. Матэ
532 1 3 _aКошка и мышка
700 1 _8rus
_7ca
_aГригорович
_bД. В.
_f1822-1900
_gДмитрий Васильевич
_3RU\NLR\AUTH\7716014
_9125659
702 1 _4440
_8rus
_7ca
_aМатэ
_bВ. В.
_cгравер
_f1856-1917
_gВасилий Васильевич
_3RU\NLR\AUTH\7753398
_936330
801 0 _aRU
_bNLR
_c20071224
_gpsbo
801 0 _aRU
_bRuMoRGB
_c20071224
_2psbo
801 1 _aRU
_bProSoft-M
_c20071224
_2rusmarc
801 2 _aRU
_bNLR
_c20130815
_2rusmarc
852 _aNLR
_j34.52.6.223
942 _cBOOK
980 _aNB